Going to work in English (Record no. 175669)
[ view plain ]
| 000 -LEADER | |
|---|---|
| fixed length control field | 00785 a2200181 4500 |
| 003 - CONTROL NUMBER IDENTIFIER | |
| control field | Nust |
| 005 - DATE AND TIME OF LATEST TRANSACTION | |
| control field | 20230621082303.0 |
| 040 ## - CATALOGING SOURCE | |
| Transcribing agency | Nust |
| 082 ## - DEWEY DECIMAL CLASSIFICATION NUMBER | |
| Classification number | 428,NOR |
| 100 ## - MAIN ENTRY--PERSONAL NAME | |
| Personal name | Norman, Susan |
| 9 (RLIN) | 113185 |
| 245 ## - TITLE STATEMENT | |
| Title | Going to work in English |
| Remainder of title | the English you need for getting a job / |
| Statement of responsibility, etc. | Norman, Susan |
| 260 ## - PUBLICATION, DISTRIBUTION, ETC. | |
| Place of publication, distribution, etc. | London |
| Name of publisher, distributor, etc. | BBC English |
| Date of publication, distribution, etc. | 1982 |
| 300 ## - PHYSICAL DESCRIPTION | |
| Extent | xii, 129 p. |
| 505 ## - FORMATTED CONTENTS NOTE | |
| Formatted contents note | Jobs Advertisements (Page-1), Applying for Jobs (Page-7), Making Enquiries (Page-15), A Preliminary interview (Page-21), On the Short-List (Page-27), The Contract (Page-32), Form Filling (Page-40), House-Hunting (Page-46), Careers Advice (Page-54), Job-Hunting (Page-60), A Pay Cheque (Page-66), Setting Down (Page-74). |
| 650 ## - SUBJECT ADDED ENTRY--TOPICAL TERM | |
| Topical term or geographic name entry element | English language |
| 700 ## - ADDED ENTRY--PERSONAL NAME | |
| Personal name | Faram, Chris |
| 9 (RLIN) | 113186 |
| 942 ## - ADDED ENTRY ELEMENTS (KOHA) | |
| Koha item type | Reference |
| Source of classification or shelving scheme | |
| Withdrawn status | Lost status | Source of classification or shelving scheme | Damaged status | Not for loan | Permanent Location | Current Location | Shelving location | Date acquired | Full call number | Barcode | Date last seen | Price effective from | Koha item type | Public note |
|---|---|---|---|---|---|---|---|---|---|---|---|---|---|---|
| Military College of Signals (MCS) | Military College of Signals (MCS) | General Stacks | 12/12/2016 | 428,NOR | MCS27937 | 12/08/2016 | 12/12/2016 | Book | Almirah No.109, Shelf No.5 |
